000 00470nam a2200181Ia 4500
001 7909
005 20260306160530.0
008 260306t2007||||xx |||||||||||||| ||spa||
041 _aESP
082 _a363.73
_bR41
100 _aRengifo Cuéllar, Hugo
_eAUT
245 0 _aAproximación diagnóstica y propuesta de políticas generales en materia de salud ambiental
260 _c2007
300 _a
_c
650 _aGEN
654 _aCIA
942 _cLIB
_dJUS
_fJUS
_2ddc
_n
999 _c7909
_d7909